Classifica Marcatori Premier League 2024-2025 - Statistics

Statistiche generali
  • Questo quiz è stato fatto 40 volte
  • Il punteggio medio è 9 su 11
Statistiche sulle risposte
Gol Nazione Squadra Calciatore % Corretto
22 Norvegia Manchester City Erling Haaland
100%
29 Egitto Liverpool Mohamed Salah
100%
23 Svezia Newcastle United Alexander Isak
94%
16 Inghilterra Aston Villa Ollie Watkins
89%
15 Inghilterra Chelsea Cole Palmer
86%
20 Nuova Zelanda Nottingham Forest Chris Wood
81%
15 Brasile Wolverhampton Matheus Cunha
81%
20 France Brentford Bryan Mbeumo
75%
16 Francia Crystal Palace Jean-Philippe Mateta
61%
19 Repubblica Democratica del Congo Brentford Yoane Wissa
50%
14 Norvegia Wolverhampton Jørgen Strand Larsen
44%
Nessun quiz corrispondente trovato
Distribuzione punteggi
Percentuale di utenti per punteggio
Percentile per numero di risposta
I tuoi punteggi nel tempo
Non hai fatto questo quiz